[Event "Baden-ch U20"]
[Site "Karlsruhe Durlach"]
[Date "2012.01.04"]
[Round "6"]
[White "Wiegert, Tobias"]
[Black "Senel, Ferhat"]
[Result "1/2-1/2"]
[WhiteElo "1682"]
[BlackElo "1346"]
[PlyCount "56"]
[EventDate "2012.01.02"]
[EventType "swiss"]
[EventRounds "7"]
[EventCountry "GER"]
[SourceTitle "EXT 2015"]
[Source "ChessBase"]
[SourceDate "2014.11.20"]
[SourceVersion "1"]
[SourceVersionDate "2014.11.20"]
[SourceQuality "1"]

1. d4 d5 2. c4 e6 3. Nc3 Nf6 4. Bg5 Be7 5. e3 Nbd7 6. Bd3 0-0 7. Nge2 h6 8. Bh4 b6 9. cxd5 Nxd5 10. Bxe7 Qxe7 11. 0-0 Bb7 12. Be4 Nxc3 13. Nxc3 Bxe4 14. Nxe4 f5 15. Nd2 Rad8 16. Rc1 c5 17. Nf3 Kh8 18. Qb3 cxd4 19. Nxd4 Nc5 20. Rxc5 Rxd4 21. Rxf5 Rxf5 22. exd4 Rd5 23. Qa4 b5 24. Qb3 Qd7 25. Rd1 e5 26. Kf1 Rxd4 27. Rxd4 Qxd4 28. Ke2 Qe4+ 1/2-1/2